Agroforestería para la producción animal sostenible / (Registro nro. 2787)
[ vista simple ]
| 000 -CABECERA | |
|---|---|
| Campo de control | 00919cam a2200253 i 4500 |
| 005 - FECHA Y HORA DE LA ULTIMA TRANSACCION | |
| Campo de control | 20191224041650.0 |
| 008 - ELEMENTOS DE LONGITUD FIJA—INFORMACION GENERAL | |
| Campo de control | 000704s1999 ck a r 00010 spa d |
| 015 ## - NATIONAL BIBLIOGRAPHY NUMBER | |
| National bibliography number | ck-1999-xxxx |
| 020 ## - ISBN | |
| ISBN | 9589386210 |
| 040 ## - FUENTE DE CATALOGACIÓN | |
| Agencia catalogadora original | la |
| Agencia transcriptora | la |
| Agencia Modificadora | CO-BoIAVH |
| 041 0# - IDIOMA | |
| Código de idioma para texto/pista de sonido o título separado | Español |
| 082 04 - NUMERO DE CLASIFICACION DECIMAL DEWEY | |
| Número de clasificación | 634.9 |
| Número del ítem | M97a |
| 100 1# - ASIENTO PRINCIPAL--NOMBRE PERSONAL | |
| Nombre personal | Murgueitio R., Enrique |
| 9 (RLIN) | 61713 |
| 245 10 - MENCION DE TITULO | |
| Título | Agroforestería para la producción animal sostenible / |
| Mención de responsabilidad | Enrique Murgueitio R., Mauricio Rosales M., María Elena Gómez ; ilustraciones Jairo Larrahondo y (otros cinco ilustradores más). |
| 260 ## - PUBLICACION, DISTRIBUCION, ETC. (PIE DE IMPRENTA) | |
| Lugar de publicación, distribución, etc. | Cali : |
| Nombre del editor, distribuidor, etc. | CIPAV, |
| Fecha de publicación, distribución, etc. | 1999. |
| 300 ## - DESCRIPCION FISICA | |
| Extensión | 67 páginas : |
| Otros detalles físicos | ilustraciones ; |
| Dimensiones | 23 cm. |
| 650 14 - ASIENTO SECUNDARIO DE MATERIA - TERMINO TEMATICO | |
| Término temático o nombre geográfico como elemento de entrada | Reforestación. |
| 9 (RLIN) | 61714 |
| 650 24 - ASIENTO SECUNDARIO DE MATERIA - TERMINO TEMATICO | |
| Término temático o nombre geográfico como elemento de entrada | Producción animal. |
| 9 (RLIN) | 16830 |
| 700 1# - ASIENTO SECUNDARIO - NOMBRE PERSONAL | |
| Nombre personal | Rosales, Mauricio M., |
| Término de relación | autor. |
| 9 (RLIN) | 61716 |
| 700 1# - ASIENTO SECUNDARIO - NOMBRE PERSONAL | |
| Nombre personal | Gómez, María Elena, |
| Término de relación | autor. |
| 9 (RLIN) | 3776 |
| 700 1# - ASIENTO SECUNDARIO - NOMBRE PERSONAL | |
| Nombre personal | Larrahondo, Jairo, |
| Término de relación | ilustrador. |
| 9 (RLIN) | 61717 |
| 942 ## - ELEMENTOS ADICIONALES (KOHA) | |
| Sistema de clasificación | Dewey Decimal Classification |
| Tipo de ítem | Libro |
| 949 ## - LOCAL PROCESSING INFORMATION (OCLC) | |
| a | c |
| b | n |
| Withdrawn status | Lost status | Sistema de Clasificación | Damaged status | No para préstamo | Colección | Inventariado | Ubicación Permanente | Ubicación actual | Fecha de adquisición | Fuente de Valor | Valor | Total Checkouts | Número topográfico | Inventario / Código de Barras | Date last seen | Ejemplar | Price effective from | Forma de adquisición | Tipo de material |
|---|---|---|---|---|---|---|---|---|---|---|---|---|---|---|---|---|---|---|---|
| Dewey Decimal Classification | General | Inventariado 2017 | Bogotá | Bogotá | 19/04/2005 | Villa, Claudia | 39000.00 | LB-634.9 M97a | 017760 | 04/12/2012 | Ej. 1 | 04/12/2012 | Libro | ||||||
| Dewey Decimal Classification | General | Inventariado 2017 | Sala Fabio Quevedo | Sala Fabio Quevedo | 23/02/2005 | Guerrero, Alicia | 39000.00 | LB-634.9 M97a | 017329 | 04/12/2012 | Ej. 2 | 04/12/2012 | Donación | Libro |